<?xml version="1.0" encoding="UTF-8"?>
<collection xmlns="http://www.loc.gov/MARC21/slim">
  <record>
    <leader>00000nam  2200000   4500</leader>
    <controlfield tag="001">INLIS000000000018756</controlfield>
    <controlfield tag="005">20241211093301</controlfield>
    <datafield tag="035" ind1="#" ind2="#">
      <subfield code="a">0010-1224000127</subfield>
    </datafield>
    <controlfield tag="007">ta</controlfield>
    <controlfield tag="008">241211################g##########0#ind##</controlfield>
    <datafield tag="020" ind1="#" ind2="#">
      <subfield code="a">979 442 032 8</subfield>
    </datafield>
    <datafield tag="082" ind1="#" ind2="#">
      <subfield code="a">658.82</subfield>
    </datafield>
    <datafield tag="084" ind1="#" ind2="#">
      <subfield code="a">658.82 OSA s</subfield>
    </datafield>
    <datafield tag="100" ind1=" " ind2="#">
      <subfield code="a">Osada, Takashi</subfield>
    </datafield>
    <datafield tag="245" ind1="1" ind2="#">
      <subfield code="a">Sikap Kerja 5S :</subfield>
      <subfield code="b">Seiri, Seiton, Seiso, Seiketsu, Shitsuke /</subfield>
      <subfield code="c">Takashi Osada</subfield>
    </datafield>
    <datafield tag="250" ind1="#" ind2="#">
      <subfield code="a">Cetakan ke 3</subfield>
    </datafield>
    <datafield tag="260" ind1="#" ind2="#">
      <subfield code="a">Jakarta :</subfield>
      <subfield code="b">PPM,</subfield>
      <subfield code="c">2000</subfield>
    </datafield>
    <datafield tag="300" ind1="#" ind2="#">
      <subfield code="a">198 halaman :</subfield>
      <subfield code="b">ilus ;</subfield>
      <subfield code="c">24 cm</subfield>
    </datafield>
    <datafield tag="650" ind1="#" ind2="4">
      <subfield code="a">Sales Promotion</subfield>
    </datafield>
    <datafield tag="520" ind1="#" ind2="#">
      <subfield code="a">Setiap usaha peningkatan mutu di perusahaan harus (dimulai dari dasar, yaitu dengan 5S — lima sikap kerja yang digunakan untuk mengadakan pemilahan di tempat kerja, penataan dan pembersihan, pemantapan dan pembiasaan, yang kesemuanya diperlukan untuk melaksanakan pekerjaan dengan baik.&#13;
&#13;
Nama 5S berasal dari lima huruf pertama istilah Jepang Untuk seiri (pemilahan), seiton (penataan), seiso (pembersihan), seiketsu (pemantapan), dan shitsuke (pembiasaan). Penerapan kelima sikap kerja ini dapat memberikan hasil yang sangat menakjubkan — mencegah kecelakaan, mengurangi waktu macet mesin, meningkatkan pengendalian operasional proses, dan menciptakan iklim perusahaan yang lebih sehat.</subfield>
    </datafield>
    <datafield tag="990" ind1="#" ind2="#">
      <subfield code="a">02096133</subfield>
    </datafield>
  </record>
</collection>
